Illustrated guide to olympic track and field techniques / (Record no. 129093)

MARC details
000 -LEADER
fixed length control field 00677nam a22002417a 4500
005 - DATE AND TIME OF LATEST TRANSACTION
control field 20170124110051.0
010 ## - LIBRARY OF CONGRESS CONTROL NUMBER
LC control number 678584
020 ## - INTERNATIONAL STANDARD BOOK NUMBER
Terms of availability 00.00
035 ## - SYSTEM CONTROL NUMBER
System control number 678584
037 ## - SOURCE OF ACQUISITION
Source of stock number/acquisition Cen Lib/Ret
040 ## - CATALOGING SOURCE
Original cataloging agency DPL
Language of cataloging EN
082 ## - DEWEY DECIMAL CLASSIFICATION NUMBER
Classification number 796.4
Item number ECK
100 ## - MAIN ENTRY--PERSONAL NAME
Personal name Ecker, Tom
9 (RLIN) 25390
245 ## - TITLE STATEMENT
Title Illustrated guide to olympic track and field techniques /
Statement of responsibility, etc by Tom ecker [and] Fred Wilt
260 ## - PUBLICATION, DISTRIBUTION, ETC. (IMPRINT)
Place of publication, distribution, etc London
Name of publisher, distributor, etc Faber and faber
Date of publication, distribution, etc 1998
270 ## - ADDRESS
City London
300 ## - PHYSICAL DESCRIPTION
Extent 256p:
Dimensions 20cm(Hb)
Other physical details ill.
500 ## - GENERAL NOTE
General note
650 ## - SUBJECT ADDED ENTRY--TOPICAL TERM
Topical term or geographic name as entry element Track and field
9 (RLIN) 86404
650 ## - SUBJECT ADDED ENTRY--TOPICAL TERM
Topical term or geographic name as entry element Olympics--Revival, 1896-
9 (RLIN) 86405
700 ## - ADDED ENTRY--PERSONAL NAME
Personal name Wilt, Fred
9 (RLIN) 25392
942 ## - ADDED ENTRY ELEMENTS (KOHA)
Source of classification or shelving scheme Dewey Decimal Classification
Koha item type English Books
Classification part 796.4
Call number suffix ECK
Holdings
Withdrawn status Lost status Damaged status Not for loan Home library Current library Date acquired Source of acquisition Cost, normal purchase price Total Checkouts Full call number Barcode Date last seen Copy number Cost, replacement price Price effective from Koha item type Public note
Written off       Central Library Central Library 04/07/2015 Cen Lib/Ret 0.00   796.4 ECK 678584 04/07/2015 1 0.00 04/07/2015 English Books Written off on approval by DLB (By Circulation); dtd 15-06-2023

© Delhi Public Library
Hit Counter
free hit counter